[Event "21st Dubai Open 2019"]
[Site "Dubai"]
[Date "2019.04.04"]
[Round "4.9"]
[White "Sethuraman, S.P."]
[Black "Tokhirjonova, Gulrukhbegim"]
[Result "1-0"]
[WhiteElo "2624"]
[BlackElo "2427"]
[Annotator "TA"]
[PlyCount "91"]
[EventDate "2019.04.01"]
[EventType "swiss"]
[EventCountry "UAE"]
[SourceTitle "playchess.com"]
[Source "ChessBase"]
[SourceQuality "1"]

{[%evp 19,91,18,18,12,7,0,29,0,0,0,0,0,0,0,0,0,0,0,-14,-7,0,-5,0,-69,-18,-34,0,0,0,0,19,23,30,25,91,77,54,68,108,64,207,218,233,150,265,140,225,214,524,227,620,210,298,314,298,214,525,522,596,596,596,596,1591,1459,2603,2170,4698,3137,29985,29986,29986,29987,29987,29988]} 1. e4 e5 2. Nf3 Nc6 3. Bb5 Nf6 4. d3 Bc5 5. Bxc6 dxc6 6. Nbd2 {C65: Ruy Lopez: Berlin Defence (3...Nf6), unusual lines and 4 0-0 Bc5} Be6 7. O-O Bd6 8. b3 Nd7 9. Nc4 Bxc4 10. bxc4 O-O {LiveBook: 10 Games} 11. Bg5 Be7 12. Be3 c5 $146 ({Predecessor:} 12... Bd6 13. g3 g6 {0-1 (60) Saric,I (2666)-Radjabov,T (2734) Wijk aan Zee 2015}) 13. c3 Re8 14. Qc2 Bf6 15. g3 b6 16. Nd2 Nf8 17. f4 Qd7 {And now ...Rad8 would win.} 18. Nf3 exf4 19. gxf4 Ng6 20. e5 Qf5 21. Nd2 (21. Rac1 $11) 21... Nh4 (21... Bh4 $15) 22. Ne4 $11 Qh3 23. Qe2 Bd8 24. Kh1 f6 25. d4 cxd4 26. cxd4 {[%cal Bc3d4,Bd4d5][%mdl 32]} Be7 {[#]} (26... c5 $11) 27. d5 $1 $16 fxe5 28. fxe5 {[%cal Bf4e5,Be5e6][%mdl 32]} Rf8 29. Bf4 {Strongly threatening e6.} Rae8 (29... Ng6 $1 $14 30. Bg3 Bh4) 30. e6 $18 Bd8 31. Rad1 a6 (31... h6 $16 32. Rd3 Qf5) 32. a4 ({White should try} 32. Bxc7 $18 Bxc7 33. Rxf8+ Rxf8 34. e7) 32... h5 (32... h6 $16 {was called for.} 33. Rd3 Qf5) 33. Bg5 Bxg5 $2 (33... Rxf1+ 34. Rxf1 Bxg5) 34. Nxg5 (34. Rxf8+ $142 Rxf8 35. Nxg5) 34... Qg4 $2 (34... Rxf1+ 35. Rxf1 Qg4 36. Qxg4 hxg4) 35. Qxg4 $2 (35. Rxf8+ Rxf8 36. Qxg4 hxg4 37. d6 cxd6 38. e7) 35... hxg4 (35... Rxf1+ {is a better defense.} 36. Rxf1 hxg4) 36. Rf7 Rc8 37. Rd4 Nf3 $2 (37... Rxf7 {is more resistant.} 38. Nxf7 Rb8 39. Rxg4 Nf5) 38. Nxf3 gxf3 39. Rdf4 Rxf7 40. Rxf7 {[%mdl 4096] Endgame KR-KR} ({And not} 40. exf7+ Kf8 $11) 40... b5 41. axb5 axb5 42. cxb5 {[%cal Bc4b5,Bb5b6][%mdl 32]} Rd8 43. Rxf3 Kh7 44. e7 {White mates.} Re8 45. Re3 Kg6 {[#]} 46. b6 $1 {Accuracy: White = 55%, Black = 26%.} 1-0

[Event "21st Dubai Open 2019"]
[Site "Dubai"]
[Date "2019.04.04"]
[Round "4.10"]
[White "Deepan Chakkravarthy J."]
[Black "Can, Emre"]
[Result "1-0"]
[WhiteElo "2534"]
[BlackElo "2599"]
[Annotator "TA"]
[PlyCount "63"]
[EventDate "2019.04.01"]
[EventType "swiss"]
[EventCountry "UAE"]
[SourceTitle "playchess.com"]
[Source "ChessBase"]
[SourceQuality "1"]

{[%evp 21,63,0,0,0,0,0,-13,0,0,0,0,0,0,0,0,0,0,-19,11,5,36,70,63,60,56,67,78,87,94,57,100,100,512,527,539,539,495,510,807,799,785,733,772,743]} 1. e4 c5 2. Nf3 d6 3. d4 cxd4 4. Nxd4 Nf6 5. Nc3 a6 6. Be2 e5 7. Nb3 Be7 8. O-O O-O 9. Kh1 b6 {[%cal Bb7b6,Bb6b5][%mdl 32]} 10. f3 Bb7 11. Be3 b5 12. a4 {B92: Sicilian Najdorf: 6 Be2} b4 13. Nd5 Nxd5 14. exd5 {The position is equal.} Nd7 15. c3 bxc3 16. bxc3 Bg5 17. Bxg5 (17. Bf2 Qc7 18. c4 Rab8 19. Bd3 Ba8 20. Qc2 g6 21. Rfd1 Rb4 22. Be1 Rbb8 23. Bf2 Rb4 24. Be1 Rbb8 25. Bf2 {½-½ (25) Jakovenko,D (2736)-Khismatullin,D (2664) Tyumen 2012}) 17... Qxg5 18. Rb1 Qd8 19. c4 Qc7 $146 ({Predecessor:} 19... Rb8) 20. c5 Nxc5 (20... dxc5 {with more complications.} 21. d6 Qd8 22. Qd2 Bc6 23. Rbc1 Qb6) 21. Nxc5 dxc5 22. a5 Qd7 23. Qc2 c4 24. Bxc4 Rfc8 25. Qa2 Rc7 26. Rfd1 Rac8 $2 {[%mdl 8192] [#]} (26... Rc5 $16 {is more resistant.}) 27. Rxb7 $1 $18 {[%mdl 576] Remove Defender. White is clearly winning.} Rxb7 28. Bxa6 Rbc7 {White must now prevent ...Rc1.} 29. Bxc8 Qxc8 (29... Rxc8 $142 30. a6 Ra8) 30. d6 Rd7 31. h3 Qa6 32. Qd5 {Accuracy: White = 92%, Black = 34%.} 1-0

[Event "21st Dubai Open 2019"]
[Site "Dubai"]
[Date "2019.04.04"]
[Round "4.11"]
[White "Bellahcene, Bilel"]
[Black "Assaubayeva, Bibisara"]
[Result "1-0"]
[WhiteElo "2538"]
[BlackElo "2381"]
[Annotator "TA"]
[PlyCount "75"]
[EventDate "2019.04.01"]
[EventType "swiss"]
[EventCountry "UAE"]
[SourceTitle "playchess.com"]
[Source "ChessBase"]
[SourceQuality "1"]

{[%evp 22,75,76,22,29,13,82,70,95,44,117,108,119,108,114,108,110,109,114,122,123,116,121,129,137,140,133,89,94,74,75,70,73,54,60,68,70,60,45,35,159,0,232,229,271,272,212,205,608,587,691,688,797,785,1837,652]} 1. e4 e5 2. Nf3 Nc6 3. Bb5 a6 4. Ba4 Nf6 5. O-O Be7 6. Re1 b5 7. Bb3 d6 8. c3 O-O 9. a4 Bb7 10. d4 Na5 11. Bc2 exd4 12. cxd4 ({White should play} 12. Nxd4 $16 Qd7 13. Nf5) 12... c5 {C90: Closed Ruy Lopez with 7...d6: Early deviations} 13. d5 (13. dxc5 dxc5 14. Qe2 Qb6 15. Nbd2 Rfe8 16. e5 Nd5 17. Ne4 Nb4 18. Bb1 Nb3 19. Ra3 Nxc1 20. Rxc1 {0-1 (72) Czarnota,P (2541)-Melkumyan,H (2600) Shenzhen 2011}) 13... Nc4 (13... b4 $11 {remains equal.}) 14. b3 Nb6 {White is slightly better.} 15. h3 (15. Qd3 $16) 15... bxa4 (15... Nfd7 $14) 16. bxa4 $16 a5 17. Na3 Ba6 $146 ({Predecessor:} 17... Nfd7 18. Rb1 Re8 19. Bf4 Bf8 20. Qd3 g6 {½-½ (58) Crapulli,G (1718)-Petersen,H (1534) LSS email 2013}) 18. Rb1 Nfd7 19. Nb5 Nc4 20. Qe2 Nce5 21. Nd2 Bg5 {[#]} 22. g3 $1 {Black must now prevent f4.} Bxd2 23. Bxd2 c4 24. f4 Nd3 25. Bxd3 cxd3 26. Qxd3 Nc5 27. Qd4 Qd7 $1 28. f5 Rfb8 {[%cal Ra6b5]} 29. e5 $1 {[%cal Re5e6] [#] Threatens to win with e6.} Qxf5 30. exd6 $40 {[%mdl 128] White has some attack.} Nd7 (30... Qxh3 $14 31. Re3 Nd7) 31. Bf4 $2 (31. Bc3 $16 {[%csl Gc3][%cal Rd4g7]} f6 32. g4) 31... Nf6 $2 (31... Bxb5 $11 {and Black stays safe.} 32. axb5 (32. Rxb5 Qxh3 33. Qf2 Rxb5 $15) 32... Qxh3) 32. g4 $18 Qxd5 33. Qxd5 Nxd5 34. Bg3 {aiming for Rbd1.} Rd8 $2 (34... Bxb5 35. Rxb5 (35. axb5 Rb7 $16) 35... Rxb5 36. axb5 Nb6) 35. Nc7 {White is clearly winning.} Nxc7 36. dxc7 Rf8 37. Rb8 Bc4 38. Rd1 {Accuracy: White = 69%, Black = 34%.} (38. Rxa8 $142 Rxa8 39. Rd1) 1-0

[Event "21st Dubai Open 2019"]
[Site "Dubai"]
[Date "2019.04.04"]
[Round "4.12"]
[White "Chanda, Sandipan"]
[Black "Debashis, Das"]
[Result "1/2-1/2"]
[WhiteElo "2521"]
[BlackElo "2538"]
[Annotator "TA"]
[PlyCount "87"]
[EventDate "2019.04.01"]
[EventType "swiss"]
[EventCountry "UAE"]
[SourceTitle "playchess.com"]
[Source "ChessBase"]
[SourceQuality "1"]

{[%evp 24,87,42,31,45,35,37,45,45,31,14,31,29,16,23,25,29,0,0,0,0,0,0,4,12,6,23,23,23,22,22,20,19,10,14,0,0,0,0,0,0,0,2,0,0,0,0,0,0,0,0,0,0,0,0,0,0,0,0,0,0,0,0,0,0,0]} 1. e4 e5 2. Nf3 Nf6 3. Nxe5 d6 4. Nf3 Nxe4 5. d4 d5 6. Bd3 Be7 7. O-O Nc6 8. Nbd2 Bf5 9. Re1 Nxd2 10. Qxd2 Bxd3 11. Qxd3 O-O 12. c3 a6 {C42: Petroff Defence: 3 Nxe5 and unusual White 3rd moves} (12... Qd7 13. Re2 a6 14. Bg5 Bd6 15. Rae1 Rfe8 16. Ne5 Nxe5 17. dxe5 Be7 18. Bxe7 Rxe7 19. f4 g6 20. Rd1 {½-½ (42) Li,C (2725)-Bu,X (2718) Ningbo 2018}) 13. Bf4 {LiveBook: 6 Games} Bd6 14. Ng5 {[%csl Gg5][%cal Rd3h7] [#]} g6 {White is slightly better.} 15. Qh3 {[%csl Gg5][%cal Rh3h7]} h5 16. Qg3 Bxf4 $1 17. Qxf4 Qd7 {[#]} 18. Nf3 $146 {Hoping for Qh6.} ({Predecessor:} 18. Re3 Rae8 19. Rae1 Rxe3 20. Qxe3 {½-½ (33) Stevic,H (2616)-Mamedov,N (2596) Antalya 2017}) 18... Kg7 19. Ne5 Nxe5 20. Rxe5 Rae8 21. Rae1 Rxe5 22. Qxe5+ $11 {[%mdl 4096] Endgame KQR-KQR} f6 23. Qe3 Rf7 24. h4 Rf8 25. g3 Rf7 26. Kg2 Rf8 {The position is equal.} 27. b3 Rf7 28. f3 Rf8 29. Re2 Rf7 30. Qe6 Qxe6 31. Rxe6 {KR-KR} Rf8 32. Re7+ Rf7 33. Re8 Rf8 34. Rxf8 (34. Re2 {is interesting.} Kf7 35. g4 Re8 36. Rxe8 Kxe8 37. Kg3) 34... Kxf8 {KP-KP} 35. g4 hxg4 36. fxg4 g5 37. Kg3 Kg7 38. hxg5 fxg5 39. c4 dxc4 40. bxc4 b5 41. cxb5 axb5 42. Kf3 Kf6 43. Ke4 c6 44. a3 {Accuracy: White = 55%, Black = 89%.} 1/2-1/2

[Event "21st Dubai Open 2019"]
[Site "Dubai"]
[Date "2019.04.04"]
[Round "4.13"]
[White "Venkatesh, M.R."]
[Black "Yilmaz, Mustafa"]
[Result "1/2-1/2"]
[WhiteElo "2517"]
[BlackElo "2631"]
[Annotator "TA"]
[PlyCount "47"]
[EventDate "2019.04.01"]
[EventType "swiss"]
[EventCountry "UAE"]
[SourceTitle "playchess.com"]
[Source "ChessBase"]
[SourceQuality "1"]

{[%evp 9,47,-11,-6,-8,0,-35,-9,-21,-19,-21,-19,-25,0,-14,18,12,46,-36,-35,-38,0,0,0,0,5,8,70,74,74,0,0,0,0,0,0,0,0,0,0,0]} 1. e4 c5 2. Be2 Nc6 3. f4 d5 4. d3 e6 5. Nf3 Bd6 6. O-O {B21: Sicilian: 2 f4 and Morra Gambit} Nge7 7. c4 Bc7 $146 ({Predecessor:} 7... O-O 8. cxd5 exd5 9. Nc3 d4 10. Nb5 Bb8 11. f5 f6 12. Qe1 a6 13. Na3 {0-1 (38) Kindermann,S (2506)-Vocaturo,D (2608) Ortisei 2018}) 8. Be3 d4 9. Bd2 a6 10. Na3 h6 11. Qc1 f6 12. Nc2 g5 13. e5 (13. Nfe1 $14) 13... Ng6 $15 14. fxg5 hxg5 15. exf6 {[#] Threatens to win with f7+!} Nf4 16. f7+ $1 Kf8 $1 17. Rf2 {Hoping for Bf1.} Ne5 (17... Qf6 $11) 18. Nxe5 $14 Bxe5 19. Bf1 (19. h3 $16) 19... Ne2+ $1 $11 {The position is equal.} 20. Bxe2 Bxh2+ 21. Kf1 Bg3 {[%cal Rh8h1] [#]} 22. Kg1 {Rf3 is the strong threat.} Bh2+ $1 23. Kf1 Bg3 {[%cal Rh8h1]} 24. Kg1 {Accuracy: White = 38%, Black = 57%.} 1/2-1/2

[Event "21st Dubai Open 2019"]
[Site "Dubai"]
[Date "2019.04.04"]
[Round "4.14"]
[White "Adly, Ahmed"]
[Black "Dhulipalla Bala Chandra Prasa"]
[Result "1-0"]
[WhiteElo "2620"]
[BlackElo "2384"]
[Annotator "TA"]
[PlyCount "81"]
[EventDate "2019.04.01"]
[EventType "swiss"]
[EventCountry "UAE"]
[SourceTitle "playchess.com"]
[Source "ChessBase"]
[SourceQuality "1"]

{[%evp 18,81,4,0,-4,-18,0,-15,10,14,17,11,7,0,13,-2,85,72,82,76,85,93,88,91,87,85,82,49,62,37,81,72,58,58,85,0,22,22,51,15,16,0,125,112,106,110,178,178,176,170,185,185,185,189,189,185,185,186,189,178,599,564,810,777,1126,1068]} 1. Nf3 d5 2. g3 Bg4 3. Bg2 c6 4. O-O Nd7 5. d3 e6 6. c4 Ngf6 7. cxd5 exd5 8. h3 Bxf3 9. Bxf3 Bc5 10. Nc3 O-O {A11: English Opening: 1...c6} 11. Bg2 Re8 12. Kh2 Bd6 $146 {The position is equal.} ({Predecessor:} 12... d4 13. Ne4 Nxe4 14. Bxe4 Bd6 15. Kg2 a5 16. h4 Ne5 17. Bd2 Qd7 18. Kg1 {1-0 (90) Grigoryan,K (2604)-Dreev,A (2673) Warsaw 2013}) 13. e4 dxe4 14. dxe4 Nc5 {[%cal Rc5e4]} 15. Qc2 Be5 $1 16. Rd1 Qc7 (16... Qe7 $11 {keeps the balance.}) 17. Be3 $16 b6 18. Bxc5 bxc5 19. f4 Bxc3 20. bxc3 Rad8 21. Rxd8 Rxd8 22. Rd1 g6 23. Rd2 Kg7 24. Qd1 Rxd2 25. Qxd2 Qa5 26. Bf3 (26. e5 $1 $16 {[%cal Re5f6]} Nd5 27. f5) 26... c4 27. g4 $36 {[%mdl 2048] White is pushing.} Qc5 28. Kg2 (28. g5 $5 {[%cal Rg5f6]} Ne8 29. Kg2 $16) 28... h6 29. h4 g5 (29... h5 $11 {remains equal.} 30. gxh5 Nxh5) 30. hxg5 ({Resist} 30. fxg5 $6 hxg5 31. Qxg5+ Qxg5 $11) 30... hxg5 31. f5 $1 ({Reject} 31. fxg5 Nh7 $11) 31... Nh7 {[#]} (31... Kh6 $16) 32. Qd4+ $1 $18 Qxd4 33. cxd4 {[%mdl 4096] Endgame KB-KN} Nf6 34. Kf2 Kf8 35. Ke2 Ke7 {[#]} 36. e5 $1 {[%cal Re5f6]} Nd5 37. Kd2 f6 38. a3 Kf7 $2 (38... Kd8 39. Be2 Nb6 40. exf6 Nd5) 39. Be2 {White is clearly winning.} c3+ 40. Kc2 Ke7 41. Bf3 {Accuracy: White = 68%, Black = 36%.} 1-0

[Event "21st Dubai Open 2019"]
[Site "Dubai"]
[Date "2019.04.04"]
[Round "4.15"]
[White "Tabatabaei, M.amin"]
[Black "Nitish Belurkar"]
[Result "1-0"]
[WhiteElo "2612"]
[BlackElo "2327"]
[Annotator "TA"]
[PlyCount "155"]
[EventDate "2019.04.01"]
[EventType "swiss"]
[EventCountry "UAE"]
[SourceTitle "playchess.com"]
[Source "ChessBase"]
[SourceQuality "1"]

{[%evp 14,155,23,21,30,21,30,20,14,22,17,0,0,-16,0,0,0,-3,0,-18,-13,-8,0,0,0,0,45,13,14,21,99,88,77,66,62,31,54,51,52,56,83,72,90,79,76,69,66,18,12,12,13,10,17,8,25,35,95,99,108,101,133,42,47,23,42,47,179,29,305,305,305,296,304,287,304,295,425,397,388,0,351,324,378,288,265,182,186,62,88,62,62,62,62,63,81,59,1904,1893,1655,1562,29963,29961,1254,83,210,8,3304,2796,1118,846,29955,10780,29960,29962,29961,29963,29965,29966,29962,29963,29957,8,839,839,29967,29967,29972,29973,29972,29973,29977,29977,29977,29978,29978,29978,29979,29980,29980,29981,29979,29980,29981,29979]} 1. e4 e6 2. d4 d5 3. Nd2 c5 4. exd5 Qxd5 5. Ngf3 cxd4 6. Bc4 Qd8 7. O-O Nc6 8. Nb3 a6 {C07: French Tarrasch: 3...c5, 4 Ngf3 and 4 exd5 Qxd5} 9. Nbxd4 Nxd4 10. Nxd4 Qc7 {The position is equal.} 11. Qe2 Bd6 12. h3 Ne7 13. Bg5 (13. Be3 O-O 14. Rad1 b5 15. Bb3 Ng6 16. c4 bxc4 17. Qxc4 Bh2+ 18. Kh1 Qxc4 19. Bxc4 Bf4 20. Bxf4 {½-½ (20) Adams,M (2706)-Howell,D (2687) Hull 2018}) 13... O-O 14. Rad1 {[%cal Rc4e6]} Ng6 15. Bb3 $146 ({Predecessor:} 15. Bd3 Re8 {½-½ (41) Bijaoui,M (2399)-Bauduin,E (2249) France 2010}) 15... Bf4 16. Nf3 Bxg5 17. Nxg5 h6 18. Ne4 Bd7 19. Nd6 Ne7 20. Rd3 Rad8 21. Rfd1 $36 {[%mdl 2048] Black must now prevent Nxf7! White is pushing.} Bc8 (21... Bc6 $11 {remains equal.}) 22. Qd2 Nc6 23. c4 e5 24. f4 e4 25. Nxe4 Rxd3 26. Qxd3 Qxf4 27. Bc2 $1 {Nf6+! would kill now.} g6 28. Qc3 $1 Qe5 29. Qxe5 Nxe5 30. Nd6 b6 31. Re1 f6 32. b4 {[%cal Bb2b4,Bb4c5,Bc5c6,Bc6c7][%mdl 32]} Rd8 33. c5 bxc5 34. bxc5 Be6 {[#]} (34... Kf8 $14) 35. Bxg6 $1 $16 {[%mdl 576] Pin} Bxa2 (35... Nxg6 36. Rxe6) 36. Be4 Nf7 37. Nb7 (37. Nxf7 $16 Bxf7 38. Rc1) 37... Re8 $14 38. Kf2 Kf8 $1 39. c6 Bc4 ({Better is} 39... Ng5 $1 $14 40. Bf5 Rxe1 41. Kxe1 Ne6) 40. Na5 (40. Bf5 $18 Rxe1 41. Kxe1) 40... Bb5 $2 {[%mdl 8192]} (40... Nd6 $11 41. c7 (41. Nxc4 Nxe4+ 42. Kg1 Nd6 $11) 41... Rc8) 41. Bf5 $1 $18 {And now c7 would win.} Nd6 42. c7 $1 Ra8 43. Be6 Re8 44. h4 h5 (44... Re7 {keeps fighting.} 45. Rd1 Ne4+ 46. Kf3 Rxc7) 45. Bh3 Ra8 {Now ...f5 and Black clings on.} 46. Be6 Re8 47. Re3 f5 48. Re1 Kg7 49. Rd1 Nc8 (49... Rxe6 $2 50. Rxd6 $1 {[%mdl 512]} Re8 51. Rd8 $18) 50. Bd7 (50. Bxf5 Rf8 $11) (50. Bb3 $1 $18) 50... Re2+ 51. Kg3 ({Much worse is} 51. Kf3 $6 Rc2 $11) 51... Bxd7 52. Rxd7+ Re7 $1 {[%cal Re7d7]} 53. Rxe7+ Nxe7 $14 {[%mdl 4096] Endgame KN-KN} 54. Nc4 {Hoping for Nb6.} Nc8 $2 {[%mdl 8192]} (54... Kf6 $14 55. Nb6 Ke5) 55. Kf4 $18 Kf6 56. g3 $1 Ne7 57. Nb6 a5 58. Ke3 $2 (58. c8=R $18 {has better winning chances.} Ng6+ 59. Ke3) 58... a4 {[#]} (58... Ke6 $16) 59. Kd4 $2 ({And not} 59. Nxa4 Nd5+ 60. Kd4 Nxc7 $11) (59. Kf3 $1 $18 Ke5 60. Nxa4) 59... Ke6 $2 {[%mdl 8192]} (59... a3 $11 60. Kc3 (60. Nd5+ Kf7 $11) 60... Ke5) 60. Nxa4 Kd6 {[#]} 61. Nc3 $1 {[%cal Rc3d5]} Nc6+ 62. Ke3 Kxc7 63. Kf4 Ne7 64. Ke5 Kd7 65. Nd5 Nc6+ 66. Kxf5 Nd4+ 67. Kg5 $2 (67. Ke5 {mates} Nf3+ 68. Ke4 Nh2 69. Nf4 Ke8 70. Nxh5 Ng4 71. Kf5 Ne3+ 72. Kg6) 67... Ke6 $2 {[%mdl 8192]} (67... Ne2 $11) 68. Nf4+ Kf7 69. Nxh5 {White mates.} Ne6+ 70. Kf5 Nd4+ 71. Ke4 Nc6 72. g4 Ne7 73. Nf4 Nc8 74. Ke5 Ne7 75. g5 Nc6+ 76. Ke4 Ne7 77. h5 Nc6 78. Nd5 {Accuracy: White = 52%, Black = 41%.} 1-0

[Event "21st Dubai Open 2019"]
[Site "Dubai"]
[Date "2019.04.04"]
[Round "4.16"]
[White "Saurabh Anand"]
[Black "Mchedlishvili, Mikheil"]
[Result "1/2-1/2"]
[WhiteElo "2385"]
[BlackElo "2610"]
[Annotator "TA"]
[PlyCount "89"]
[EventDate "2019.04.01"]
[EventType "swiss"]
[EventCountry "UAE"]
[SourceTitle "playchess.com"]
[Source "ChessBase"]
[SourceQuality "1"]

{[%evp 17,89,21,28,24,27,24,46,16,11,0,0,0,0,0,0,0,0,0,0,-21,-10,-25,-21,-21,-21,-30,-21,-21,-21,-25,-21,-21,-21,-21,-21,-21,0,0,0,-21,-21,-21,-21,-21,-10,-10,-9,-9,-9,-9,-6,-9,-9,-16,-3,-3,-3,-4,-7,-10,0,0,0,0,0,0,0,0,0,0,0,0,0,0]} 1. e4 e6 2. d4 d5 3. Nc3 Bb4 4. e5 c5 5. a3 Ba5 6. b4 cxd4 7. Nb5 Bc7 8. f4 Bd7 9. Nxc7+ Qxc7 10. Bb2 {C18: French: 3 Nc3 Bb4: Main line: 7 h4 and 7 Qg4} (10. Nf3 Ba4 11. Bd3 Ne7 12. O-O Qb6 13. Kh1 Bb5 14. Nxd4 Bxd3 15. Qxd3 Nbc6 16. Nf3 a6 17. Be3 Qb5 {½-½ (40) Vidit,S (2715)-Vitiugov,N (2730) Linares 2018}) 10... Ne7 11. Bd3 Ba4 12. Nf3 {White is slightly better.} Nbc6 13. O-O Qb6 14. Kh1 Bb5 15. Bxd4 Nxd4 16. Nxd4 Bxd3 17. Qxd3 O-O 18. f5 exf5 19. Nxf5 Nxf5 20. Qxf5 $146 ({Predecessor:} 20. Rxf5) 20... Rac8 21. Qd3 Qe6 22. Rfe1 Rfd8 23. Rad1 Rd7 24. h3 {The position is equal.} h6 25. c3 Rc4 26. Re3 Qc6 27. Qf5 Qe6 28. Qd3 $1 a6 29. Kh2 b5 30. Qe2 d4 31. cxd4 Rdxd4 32. Rxd4 Rxd4 $11 {[%mdl 4096] Endgame KQR-KQR} 33. Qf3 g6 34. Qa8+ (34. Qg3 {is more complex.} h5 35. Qg5 Rd1 36. Qf4 Rd7 37. Rc3) 34... Kg7 35. Qf3 g5 36. Re4 Rc4 (36... Rd5 {with more complications.} 37. Qg3 Rd2 38. Re3 Rd1 39. Qf3 Rd7) 37. Qe2 Qc6 38. Re3 $1 Qc7 39. Qd3 Rc6 40. Qf5 Re6 41. h4 {[%mdl 64] [#] Decoy} gxh4 42. Qg4+ Kh7 43. Qe4+ Kg7 44. Qg4+ Kh7 45. Qe4+ {Accuracy: White = 91%, Black = 60%.} 1/2-1/2

[Event "21st Dubai Open 2019"]
[Site "Dubai"]
[Date "2019.04.04"]
[Round "4.17"]
[White "Aravindh, Chithambaram VR."]
[Black "Priyanka Nutakki"]
[Result "1-0"]
[WhiteElo "2602"]
[BlackElo "2313"]
[Annotator "TA"]
[PlyCount "113"]
[EventDate "2019.04.01"]
[EventType "swiss"]
[EventCountry "UAE"]
[SourceTitle "playchess.com"]
[Source "ChessBase"]
[SourceQuality "1"]

{[%evp 19,113,17,13,14,18,18,14,5,11,11,12,8,26,20,23,11,12,9,20,5,20,17,20,25,21,8,11,0,0,0,0,0,0,0,5,8,8,3,3,4,3,8,12,7,21,28,100,64,109,114,119,114,119,118,121,122,141,140,142,93,93,93,133,132,112,148,135,117,199,192,186,183,293,296,316,277,411,404,374,404,404,369,353,352,338,338,331,326,679,672,29963,29964,29964,29965,29961,12257]} 1. d4 d5 2. c4 e6 3. Nf3 Nf6 4. g3 Be7 5. Bg2 O-O 6. O-O dxc4 7. Qc2 a6 8. a4 Bd7 {[%cal Bc8d7,Bd7c6,Bc6d5][%mdl 32]} 9. Bg5 {E05: Open Catalan: 5 Nf3 Be7} (9. Qxc4 Bc6 10. Bf4 Bd6 11. Qc1 Bd5 12. Nc3 Nc6 13. Rd1 Nb4 14. Bg5 Be7 15. Nxd5 exd5 16. a5 Nc6 17. Ne5 Na7 18. Nd3 Nb5 19. Ra4 c6 20. Qc2 Re8 21. Bc1 Rc8 {½-½ (21) Fedoseev,V (2714)-Aronian,L (2765) Germany 2019}) 9... Bc6 10. Rd1 a5 {LiveBook: 18 Games} 11. Qxc4 {The position is equal.} Bd5 $146 ({Predecessor:} 11... Na6 12. Nc3 Bd5 13. Nxd5 exd5 14. Qb3 Nb4 15. Rac1 h6 16. Bxf6 Bxf6 17. e4 dxe4 18. Ne5 c6 19. Bxe4 Qe7 20. Re1 {½-½ (51) Acevedo Villalba,A (2542)-Ivanov,A (2518) ICCF email 2010}) 12. Qd3 Be4 13. Qd2 h6 14. Bxf6 Bxf6 15. Ne1 {[%cal Bf3e1,Be1d3,Bd3e5][%mdl 32]} Bxb1 (15... Bxg2 {seems wilder.} 16. Kxg2 Qe7 17. Nc3 Rd8 18. Nf3 Nc6) 16. Raxb1 c6 17. e3 Na6 18. Nd3 Be7 19. Rbc1 Qb6 20. Ne5 Qd8 21. Qe2 Nb4 22. f4 Bd6 23. Nc4 Bc7 24. Bf3 Qe7 25. Nd2 Rad8 26. Ne4 f6 27. Qc4 Bb6 28. Nc5 Bxc5 29. Qxc5 Qxc5 30. Rxc5 b6 31. Rc4 Rd6 32. Rdc1 {[%cal Rf3c6]} b5 (32... Rc8 $11) 33. Rc5 Rb8 34. axb5 cxb5 35. Rc8+ Rd8 36. Rxd8+ Rxd8 $16 {[%mdl 4096] Endgame KRB-KRN} 37. Rc5 Nd3 38. Rxb5 {aiming for Be2.} Rc8 39. Be4 Rc1+ 40. Kg2 Rc2+ 41. Kf1 Rf2+ 42. Kg1 Rd2 43. Rxa5 Rd1+ (43... g5 $16 44. Ra8+ Kf7 45. Ra7+ Ke8) 44. Kg2 $18 Rd2+ 45. Kf1 {Strongly threatening d5.} Nxb2 (45... g5 $142 46. f5 Nf2) 46. Bg6 $1 {[%cal Ra5a8]} Kf8 47. Ra7 Rxh2 (47... f5 {was worth a try.} 48. h4 Rh2 49. Rf7+ Ke8 50. Rxf5+ Kd7) 48. f5 exf5 {[#]} 49. d5 $1 {[%cal Rd5d6] Intending d6 and mate.} Rd2 {intending ...Nd1.} 50. d6 Rxd6 {[#]} 51. Rf7+ $1 Ke8 ({Of course not} 51... Kg8 52. Rb7 $18) 52. Rb7+ ({Worse is} 52. Rxg7+ Kd8 $11) 52... Kd8 53. Rxb2 Rd5 $2 (53... f4 54. gxf4 Kc7) 54. Rb7 Rd7 55. Rxd7+ {White mates.} Kxd7 56. Bxf5+ Ke7 57. Bg6 {Precision: White = 82%, Black = 52%.} 1-0